000 00997nam a2200253 4500
003 CO-ViMGA
020 _a9789585444379
040 _aCO-ViMGA
_bspa
_cCO-ViMGA
090 _aN ROS2
100 1 _aRosero Diago, Evelio José,
_d1958
_9683
245 1 0 _aLa duenda /
_cEvelio Rosero Diago ; ilustraciones Mónica Peña
250 _aEdición especial
260 _a Bogotá :
_bRichmond
_bLoqueleo
_c2018
300 _a 77 páginas :
_bilustraciones en blanco y negro ; 20 cm.
500 _aRecomendado para un público infantil mayor de 9 años.
504 _aIncluye datos biográficos del autor e ilustradora al final del texto.
586 _aObra ganadora del Premio Enka y reconocida en la lista de honor de la IBBY.
650 1 4 _a Fantasía
_vNovela infantil
_913052
650 1 4 _aDuendes
_vNovela infantil
_913051
650 1 4 _aLiteratura Infantil colombiana
_ySiglo XX
_912093
650 1 4 _aNovela infantil colombiana
_ySiglo XX
_913050
700 1 _aPeña, Mónica
_913053
942 _2ddc
_cBK
999 _c8678
_d8678